000
00332nam a22001457a 4500
008
230606b ||||| |||| 00| 0 eng d
020
_a
529960001
041
_a
eng
080
_a
616.9
082
_a
616.9SIM
100
_a
16
101
_a
INFK
245
_a
MARBURG AND EBOLA VIRUS INFECTIONS
_c
SIMPSON.H.I.D
942
_2
udc
_c
BK
999
_c
59925
_d
59925